| 000 | 00550nam a2200193Ia 4500 | ||
|---|---|---|---|
| 003 | GCL | ||
| 008 | 140319s9999 xx 000 0 ara d | ||
| 040 |
_aGCL / _cGCL |
||
| 082 | 0 | 4 |
_a793.31 _bس ر |
| 100 | 1 | _aسعد الخادم | |
| 245 | 1 | 0 |
_aالرقص الشعبى فى مصر / _cسعد الخادم |
| 300 | _a149 ص | ||
| 490 |
_aالمكتبة الثقافية _v0 |
||
| 650 | 0 | 4 | _aالرقص |
| 650 | 0 | 4 | _aالرقص الشعبى |
| 650 | 0 | 4 | _aالرقص الشعبى المصرى |
| 650 | 0 | 4 | _aالفن الشعبى |
| 942 |
_2ddc _cBK |
||
| 999 |
_c40821 _d40821 |
||